Loading...

Shaheede aazam Bhagath Singh /

Bibliographic Details
Main Author: Kamal S. P.
Format: Printed Book
Language:Hindi
Published: Delhi : Raja Pocket Books , 2001.
LEADER 00505nam a2200157Ia 4500
008 150624b xxu||||| |||| 00| | hin d
020 |a 8176041858 
082 |a 954.035 
100 |a Kamal S. P. 
245 |c Kamal S. P.  |a Shaheede aazam Bhagath Singh / 
260 |a Delhi :  |b Raja Pocket Books ,  |c 2001. 
300 |a 98 p. 
546 |a In Hindi. 
942 |c BK 
999 |c 93884  |d 93884 
952 |0 0  |1 0  |4 0  |6 954_035000000000000_KAM_S  |7 0  |9 93826  |a UL  |b UL  |c ST1  |d 2012-10-27  |l 0  |o 954.035 KAM/S  |p G8649  |r 2012-10-27  |w 2012-10-27  |y BK